| 000 | 00595nam a22001817a 4500 | ||
|---|---|---|---|
| 005 | 20150428144706.0 | ||
| 010 | _aENG-112202 | ||
| 020 |
_a9789351433620 _c795.00 |
||
| 035 | _aEN-95734 | ||
| 037 | _bDBAD/PUB | ||
| 082 | _a000 | ||
| 245 |
_aAssam Judicial Services preliminary examination : _ba complete preparation manual |
||
| 260 |
_aGurgaon _bLexisNexis _c2015 |
||
| 270 |
_a14th Floor, Building No.10, Tower-B, DLF Cyber City, Phase-II _bGurgaon _e122002 |
||
| 300 |
_avarious pagings _c28cm(pbk) |
||
| 490 | _aCATAPULT test prep series | ||
| 942 |
_2ddc _cEN _mASS _h000 |
||
| 999 |
_c91566 _d91566 |
||